00585nam a22001932 4500001001100000005001700011008004100028040001500069100002700084245004400111260003500155300001400190650003800204852001300242908001100255950000600266999001500272952010400287000001171220151217152100.0090105s xx 000 0 eng d aKABUcKABU1 aLe Roy, A.@000016769413aLa Religion des primitifs /cA. Le Roy. aParis :bG. Beauchesne,c1975. ax,515 p. 0aReligion and rituals.@00001676951 9p400 KES a090105 @1 c8039d8039 00102lcc70aKABUbKABUd2015-12-17l0oGN470 .L4 c. 1p15822r2015-12-17 00:00:00w2015-12-17yBK